| 000 | 00459nac a22001571u 4500 | ||
|---|---|---|---|
| 008 | 100906s2004 ii ill |r|||| 00| 0 eng d | ||
| 020 | _a8120324331 | ||
| 020 | _a9788120324336 | ||
| 082 |
_a005.276 _bBAS _222 |
||
| 245 | _aBasics Of Web Site Design. | ||
| 260 |
_aNew Delhi : _bPrentice-Hall of India, _c2004. |
||
| 300 |
_a444 p. : _bill. ; _c24 cm. |
||
| 650 |
_aWeb sites _xDesign. _918278 |
||
| 710 |
_aNIIT (Corporation) _918279 |
||
| 942 |
_cBB _k005.276 BAS _2ddc |
||
| 999 |
_c768 _d768 |
||